000 00598cam a22002051 4500
001 ne 65000575
003 DLC
005 20260227111812.0
008 840111s1964 ua 000 0 arar
010 _ane 65000575
035 _a(OCoLC)10289922
040 _aDLC
_cTxU
_dTxU
_dDLC
042 _apremarc
050 0 0 _aHX526
_b.S3
100 1 _aṢaqr, Muḥammad Jamāl.
245 1 3 _aal-Ishtirākīyah wa-al-tarbiyah,
_ctaʼlīf Muḥammad Jamāl Ṣaqr.
260 _aMiṣr,
_bMaṭābiʻ Dār al-Kitāb al-ʻArabī
_c[1964]
300 _a227 p.
_c20 cm.
650 0 _aSocialism and education.
999 _c47991
_d47991